000 00459nam a2200145Ia 4500
008 151213s9999 xx 000 0 und d
100 _aআল মুজাহিদী।
245 _aপ্রেমের কবিতা।
_cআল মুজাহিদী।
260 _aঢাকা
_bটুম্পা।
_c2002
300 _a8724 p.
650 _aBangla
650 _aকবিতা
700 _aআল মুজাহিদী।
999 _c4510
_d4510